Barbecues / (Record no. 288032)
[ view plain ]
| 000 -LEADER | |
|---|---|
| fixed length control field | 00395nam a2200133Ia 4500 |
| 008 - FIXED-LENGTH DATA ELEMENTS--GENERAL INFORMATION | |
| fixed length control field | 150610s9999 xx 000 0 und d |
| 020 ## - INTERNATIONAL STANDARD BOOK NUMBER | |
| International Standard Book Number | 9789812615640 |
| 050 ## - LIBRARY OF CONGRESS CALL NUMBER | |
| Classification number | TX840 |
| Item number | .B3 2008 |
| 100 ## - MAIN ENTRY--PERSONAL NAME | |
| Personal name | Selva Rajah, Carol |
| 245 ## - TITLE STATEMENT | |
| Title | Barbecues / |
| Statement of responsibility, etc | Carol Selva Rajah. |
| 260 ## - PUBLICATION, DISTRIBUTION, ETC. (IMPRINT) | |
| Place of publication, distribution, etc | Singapore : |
| Name of publisher, distributor, etc | Marshall Cavendish Cuisine, |
| Date of publication, distribution, etc | 2008. |
| 300 ## - PHYSICAL DESCRIPTION | |
| Extent | 79pages : |
| Other physical details | col. ; |
| Dimensions | 17 cm. |
| 520 ## - SUMMARY, ETC. | |
| Summary, etc | Barbecue cookery. |
| Withdrawn status | Lost status | Damaged status | Home library | Current library | Shelving location | Date acquired | Total Checkouts | Full call number | Barcode | Date last seen | Price effective from | Koha item type |
|---|---|---|---|---|---|---|---|---|---|---|---|---|
| Stonyhurst Southville International School (Batangas) | Stonyhurst Southville International School (Batangas) | High School Section | 06/10/2015 | TX840 .B3 2008 | US-1862 | 06/10/2015 | 06/10/2015 | Books |